Quà tặng âm nhạc, tập 1 (Dành cho trường trung học cơ sở)

Kaydedildi:
Detaylı Bibliyografya
Materyal Türü: Kitap
Etiketler: Etiketle
Etiket eklenmemiş, İlk siz ekleyin!
Thư viện lưu trữ: Mạng thư viện Đại học Đà Nẵng
LEADER 00446nam a22001691a 4500
001 000039770
003 16065
005 20160412022644.0
008 160412s0 000
082 |a 4N(TK)475 
245 |a Quà tặng âm nhạc, tập 1 (Dành cho trường trung học cơ sở) 
OWN |a LNN 
999 |a From the UDN01 
TYP |a Monograph 
980 |a Mạng thư viện Đại học Đà Nẵng